000 00336nam a2200121Ia 4500
008 220204s9999 xx 000 0 und d
082 _a632.951
_bBUS
100 _aBUSVINE, James R
245 0 _aCritical review of thhe techniques for testing insecticides
260 _aEngland
_bCAB
_c1971
650 _aInsecticide testing
942 _cBK
999 _c22526
_d22526